Normal view
MARC view
Entry Personal Name
001 - CONTROL NUMBER
- control field: 69114
003 - CONTROL NUMBER IDENTIFIER
- control field: dpl
005 - DATE AND TIME OF LATEST TRANSACTION
- control field: 20240730162353.0
008 - FIXED-LENGTH DATA ELEMENTS
- fixed length control field: 240730|| aca||aabn | a|a d
040 ## - CATALOGING SOURCE
- Original cataloging agency: dpl
- Transcribing agency: dpl
100 ## - HEADING--PERSONAL NAME
- Personal name: Sivakumar.v
670 ## - SOURCE DATA FOUND
- Source citation: Work cat.: (dpl)204654: Sivakumar.v, Recent trends in global sustainable hospitality research/, 2019
